| 000 | 00554nam a22001937a 4500 | ||
|---|---|---|---|
| 020 | _a9788181280138 | ||
| 082 |
_a519.02462 _bCHU/EL |
||
| 100 |
_aChung,Kai Lai _9901 |
||
| 100 |
_aAitsahlia,Farid _9902 |
||
| 245 | _aElementary Probability Theory: With Stochastic Processes and an Introduction to Mathematical Finance | ||
| 250 | _a4 th | ||
| 260 |
_aNew York _bSpringer _c2013 |
||
| 300 | _a402 | ||
| 500 | _aUndergraduate Text in Mathematics | ||
| 700 |
_aAxler,S. _9903 |
||
| 700 |
_aGehring,F.W _9904 |
||
| 700 |
_aRibet,K.A _9905 |
||
| 942 | _cBK | ||
| 999 |
_c14518 _d14518 |
||